00415nam a2200157Ia 45000010006000000050017000060080041000230410008000640820027000721000039000992450050001382600009001883000044001976500008002416540008002491313420260306163031.0260306t2014||||xx |||||||||||||| ||spa|| aESP aRX 378b2011-2012 A171 aAsamblea Nacional de RectoreseAUT 0aResumen estadístico universitario 2011-2012 c2014 a148 páginas : 148 páginas :c28 cm. aGEN aCED